Беседа в деревне на даче и у домашнего очага для всех возрастов. [Т. 3]: Сказки Густава [!Вильгельма] Гауфа: Караван. История о корабле призраков. История об отрубленной руке. Спасения Фатме. История о маленьком Муке (Запись № 3924731)

Подробности
000 -МАРКЕР
контрольное поле 01853nam2a22003011 4500
001 - ИДЕНТИФИКАТОР ЗАПИСИ
контрольное поле v19\rc\1549151
005 - ИДЕНТИФИКАТОР ВЕРСИИ
контрольное поле 20250618201254.0
035 ## - ДРУГИЕ СИСТЕМНЫЕ НОМЕРА
Идентификатор записи (NLR Aleph) 004690225
100 ## - ДАННЫЕ ОБЩЕЙ ОБРАБОТКИ
Данные общей обработки 20060620d1889 |||y0rusy50 ca
101 0# - ЯЗЫК РЕСУРСА
Язык текста, звукозаписи и т.д. русский
102 ## - СТРАНА ПУБЛИКАЦИИ ИЛИ ПРОИЗВОДСТВА
Страна публикации Российская Федерация
105 ## - ПОЛЕ КОДИРОВАННЫХ ДАННЫХ: ТЕКСТОВЫЕ МАТЕРИАЛЫ, МОНОГРАФИЧЕСКИЕ
Кодированные данные о монографическом текстовом документе a z |||||
200 1# - ЗАГЛАВИЕ И СВЕДЕНИЯ ОБ ОТВЕТСТВЕННОСТИ
Основное заглавие Сказки Густава [!Вильгельма] Гауфа: Караван. История о корабле призраков. История об отрубленной руке. Спасения Фатме. История о маленьком Муке
215 ## - ФИЗИЧЕСКАЯ ХАРАКТЕРИСТИКА
Специфическое обозначение материала и объем 126 с., 1 л. фронт. (цв. ил.), 3 л. цв. ил.
461 #0 - УРОВЕНЬ НАБОРА
Встроенное поле 001v19\rc\1549148
-- 2001#$aБеседа в деревне на даче и у домашнего очага для всех возрастов$e[Т. 1-3$v[Т. 3]
Системный номер (АБИС) связанной записи 3924695
Место публикации Москва
Дата публикации [1889]
Имя издателя, распространителя и т.д. Ф.И. Нейбюргер
Сведения, относящиеся к заглавию [Т. 1-3
Физическая характеристика 3 т.
Заглавие Беседа в деревне на даче и у домашнего очага для всех возрастов
Номер тома [Т. 3]
464 #0 - АНАЛИТИЧЕСКИЙ УРОВЕНЬ
Встроенное поле 2001#$aКараван$aИстория о корабле призраков$aИстория об отрубленной руке$aСпасения Фатме$aИстория о маленьком Муке
-- 700#1$aХауф$bВ.$f1802-1827$gВильгельм$9z03790
Заглавие История о маленьком Муке
Автор Хауф, Вильгельм (1802-1827)
700 #1 - ИМЯ ЛИЦА - ПЕРВИЧНАЯ ОТВЕТСТВЕННОСТЬ
Системный номер авторитетной/нормативной записи z02790
Начальный элемент ввода Гауфф
Часть имени, кроме начального элемента ввода В.
Даты 1802-1827
Расширение инициалов личного имени Вильгельм
790 #1 - ИМЯ ЛИЦА - АЛЬТЕРНАТИВНАЯ ФОРМА
Системный номер авторитетной/нормативной записи z02700
Начальный элемент ввода Гауф
Часть имени, кроме начального элемента ввода В.
Даты 1802-1827
Расширение инициалов личного имени Вильгельм
790 #1 - ИМЯ ЛИЦА - АЛЬТЕРНАТИВНАЯ ФОРМА
Системный номер авторитетной/нормативной записи z02700
Начальный элемент ввода Гауф
Часть имени, кроме начального элемента ввода Г.
Даты 1802-1827
Расширение инициалов личного имени Густав[!]
790 #1 - ИМЯ ЛИЦА - АЛЬТЕРНАТИВНАЯ ФОРМА
Системный номер авторитетной/нормативной записи z02700
Начальный элемент ввода Хауф
Часть имени, кроме начального элемента ввода В.
Даты 1802-1827
Расширение инициалов личного имени Вильгельм
801 #0 - ИСТОЧНИК ЗАПИСИ
Страна Российская Федерация
Организация NLR
Правила каталогизации psbo
801 #0 - ИСТОЧНИК ЗАПИСИ
Страна Российская Федерация
Организация RuMoRGB
Источник данных psbo
801 #1 - ИСТОЧНИК ЗАПИСИ
Страна Российская Федерация
Организация ProSoft-M
Источник данных rusmarc
852 ## - МЕСТОНАХОЖДЕНИЕ И ШИФР ХРАНЕНИЯ
Идентификатор организации NLR
Шифр хранения (Call Number) 18.307.7.38
899 ## - ДАННЫЕ О МЕСТОНАХОЖДЕНИИ (устаревшее)
Местонахождение БАН
942 ## - ДОПОЛНИТЕЛЬНЫЕ ЭЛЕМЕНТЫ ЗАПИСИ (АБИС)
Тип экземпляра АБИС Книга
980 ## - КОЛЛЕКЦИЯ
Название коллекции Национальная библиография
Экземпляры
Тип экземпляра Дата поступления Библиотека постоянного хранения Библиотека текущего хранения Место хранения Шифр хранения Штрих-код Статус экземпляра
Книга 26.10.2013 РНБ (Московский) РНБ (Московский) Неопределен, для заказа не доступен, в ЭК виден   4690225-20  
Книга 26.10.2013 РНБ (Садовая) РНБ (Садовая) Русский книжный фонд -Главное здание, Ленинский читальный зал 18.307.7.38 4690225-10